| 000 | 00611nam a2200205 a 4500 | ||
|---|---|---|---|
| 005 | 20240228064139.0 | ||
| 008 | 140624s2006 mx r 000 0 spa d | ||
| 020 | _a0439861217 | ||
| 035 | _aUPN01000198276 | ||
| 049 | _aI | ||
| 050 | 4 |
_aPZ7 _bT4.24 |
|
| 100 | 1 |
_aThaler, Mike, _d1936- _930391 |
|
| 245 | 1 | 3 |
_aLa directora (maestra) del pantano negro / _cMike Thaler ; il. Jared Lee. |
| 260 |
_aNew York : _bScholastic, _c2006. |
||
| 300 |
_a[30] p. : _bil. col. |
||
| 650 | 4 |
_aCuentos infantiles ingleses _910002 |
|
| 650 | 4 |
_aLibros y lectura para niƱos _92290 |
|
| 905 | _aInfantil | ||
| 999 |
_c170377 _d170377 |
||